| 000 | 00590nam a22001937a 4500 | ||
|---|---|---|---|
| 005 | 20251108171855.0 | ||
| 008 | 250721s1993 xx 000 0 ara d | ||
| 082 | 1 | 4 | _a621.57/فار |
| 100 | 1 | _aالعامري، فاروق محمد | |
| 245 | 1 | 0 | _aالتبريد / |
| 264 | 1 |
_aالقاهرة : _bالدار المصرية اللبنانية، _c1993. |
|
| 300 | _a356ص | ||
| 490 | 0 | _aموسوعة العامري للإلكترونيات ؛ 18 | |
| 650 | 1 | 7 | _aالتبريد |
| 650 | 1 | 7 | _aالآت التبريد |
| 650 | 1 | 7 | _aالثلاجات |
| 942 |
_2ddc _cBK |
||
| 999 |
_c64867 _d64867 |
||